000 00269nam a22001217a 4500
008 170715b xxu||||| |||| 00| 0 eng d
041 _aeng
080 _a572
100 _a24
101 _aANT
245 _aRESEARCH DESIGN IN ANTHROPOLOGY
_cBRIM,J.A
942 _2udc
_cBK
999 _c21220
_d21220